000 00710cam a22002413a 4500
001 28168
003 PGUSA
005 20140828083616.0
008 090224s2009||||xxu|||||s|||||000 | eng d
040 _aPGUSA
_beng
042 _adc
050 4 _aPG
100 1 _aMickiewicz, Adam,
_d1798-1855
245 1 0 _aŻywila :
_bPowiastka z Dziejów Litewskich
_h[electronic resource] /
_cAdam Mickiewicz
260 _bProject Gutenberg,
_c2009
506 _aPublic domain in the USA.
516 _aElectronic text
700 1 _aMickiewicz, Ladislas,
_d1838-1926
740 0 _aZywila: Légende Lithuanienne
830 0 _aProject Gutenberg
_v28168
856 4 0 _uhttp://www.gutenberg.org/ebooks/28168
942 _cEB
999 _c257423
_d257423